Statistiques concernant Traditions de Noël

Cliquez ici pour prendre le quiz!

Statistiques générales

  • Ce quiz a été pris 48 fois
  • Le résultat moyen est 4 sur 10

Statistiques - réponses

TraditionsEnPays% Correct
Le repas de Noël est un barbecue organisé directement sur la plageen...Australie
80%
C’est un double Noël, puisque les enfants y reçoivent le 06 décembre des bonbons glissés dans leurs chaussures par Saint-Nicolas avant que le père Noël ne leur en offre le 24en...Allemagne
76%
Pour Noël on y mange KFCau...Japon
71%
C’est un double Noël puisque les enfants y reçoivent des cadeaux le 25 décembre par le père Noël, mais également le 06 janvier pour l’Épiphanie par la sorcière Befanaen...Italie
62%
On y respecte les défunts le soir du Réveillon puisque la table n’est pas débarrassée au cas où les regrettés décideraient de revenir de l’au-delà pour assouvir leur faimau...Portugal
51%
On y regarde les aventures de Donald Duck en famille ! Ce programme est diffusé le 24 décembre à 15 heures pétantes sur la même chaîne et tous les ans. Et ceux qui ont tenté de le déprogrammer se sont heurtés à une levée de boucliers des plus véhémente de la part des téléspectateursen...Suède
44%
Dans ce pays on se rend à la messe du 25 au matin en rollers. Les rues y sont même interdites à la circulation pour la sécuritéau...Vénézuéla
22%
Dans ce pays, les femmes célibataires se placent dos à leur porte d’entrée (porte ouverte) et lancent une chaussure par-dessus leur épaule. Si le talon de la chaussure pointe vers la porte, une nouvelle année de célibat s’annonce. Dans le cas où c’est la partie avant de la chaussure qui est dirigée vers la porte, l’année s’annonce plus torrideen...République Tchèque
18%
Les personnes s’y déguisent en chevaux et déambulent dans les rues en frappant à chaque porte en espérant recevoir des bonbons et surtout de la bièreau...Pays de Galles
11%
Le Caga Tio y est une tradition séculaire. C’est en quelque sorte une piñata mais en forme de… crotte. Suspendu par une corde, on frappe l’étron afin d’en faire tomber des cadeauxen...Catalogne
9%

Distribution des résultats

Percentile par nombre de réponses

% des personnes avec chaque résultat

Votre développement - résultats

Vous n’avez pas pris ce quiz